[Event "RUS-ch 56th"]
[Site "Krasnoyarsk"]
[Date "2003.09.08"]
[Round "5"]
[White "Gleizerov, Evgeny"]
[Black "Lependin, Anatolij"]
[Result "1-0"]
[WhiteElo "2565"]
[BlackElo "2393"]
[PlyCount "75"]
[EventDate "2003.09.03"]
[EventType "swiss"]
[EventRounds "9"]
[EventCountry "RUS"]
[SourceTitle "CBM 098"]
[Source "ChessBase"]
[SourceDate "2004.02.03"]
[SourceVersion "1"]
[SourceVersionDate "2004.02.03"]
[SourceQuality "1"]

1. d4 Nf6 2. c4 c5 3. d5 b5 4. cxb5 a6 5. b6 e6 6. Nc3 exd5 7. Nxd5 Nxd5 8. Qxd5 Nc6 9. Nf3 Rb8 10. e4 Be7 11. Bc4 0-0 12. Qh5 Qxb6 13. 0-0 d6 14. Bg5 Qc7 15. b3 a5 16. Rad1 Be6 17. Bxe6 fxe6 18. Qg4 Nd8 19. Rd3 Bxg5 20. Nxg5 h6 21. Nxe6 Nxe6 22. Qxe6+ Qf7 23. Rxd6 Qxe6 24. Rxe6 c4 25. Ra6 cxb3 26. axb3 Rxb3 27. Rxa5 Rb2 28. g3 Rc8 29. Re1 g6 30. Ra6 Kg7 31. Rd1 Rc7 32. Rdd6 g5 33. Rg6+ Kf7 34. Rxh6 Rcc2 35. Ra7+ Kg8 36. Rg6+ Kh8 37. Rd6 Rc8 38. Rh6+ 1-0

[Event "RUS-Cup01"]
[Site "Tomsk"]
[Date "2003.07.09"]
[Round "6"]
[White "Lependin, Anatolij"]
[Black "Lysyj, Igor"]
[Result "0-1"]
[WhiteElo "2393"]
[BlackElo "2490"]
[PlyCount "70"]
[EventDate "2003.07.04"]
[EventType "swiss"]
[EventRounds "9"]
[EventCountry "RUS"]
[SourceTitle "CBM 095 Extra"]
[Source "ChessBase"]
[SourceDate "2003.09.04"]
[SourceVersion "1"]
[SourceVersionDate "2003.09.04"]
[SourceQuality "1"]

1. d4 e6 2. c4 c5 3. d5 exd5 4. cxd5 d6 5. Nc3 g6 6. Nf3 Nf6 7. h3 Bg7 8. e4 0-0 9. Bd3 b6 10. 0-0 Ba6 11. Re1 Bxd3 12. Qxd3 a6 13. a4 Nbd7 14. Bf4 Qc7 15. e5 Nh5 16. Bh2 dxe5 17. d6 Qc6 18. Nxe5 Nxe5 19. Bxe5 Bxe5 20. Rxe5 Qxg2+ 21. Kxg2 Nf4+ 22. Kf3 Nxd3 23. Ke4 Nxe5 24. Kxe5 Rfd8 25. Kd5 Rac8 26. a5 Rb8 27. Na4 bxa5 28. Kc6 Rdc8+ 29. Kd5 Rb4 30. Nxc5 Rxb2 31. Rd1 Rb5 32. Rc1 Kf8 33. d7 Rcxc5+ 34. Rxc5 Rxc5+ 35. Kd6 Rd5+ 0-1

[Event "RUS-Cup01"]
[Site "Tomsk"]
[Date "2003.07.08"]
[Round "5"]
[White "Sambuev, Bator"]
[Black "Lependin, Anatolij"]
[Result "1/2-1/2"]
[WhiteElo "2496"]
[BlackElo "2393"]
[PlyCount "99"]
[EventDate "2003.07.04"]
[EventType "swiss"]
[EventRounds "9"]
[EventCountry "RUS"]
[SourceTitle "CBM 095 Extra"]
[Source "ChessBase"]
[SourceDate "2003.09.04"]
[SourceVersion "1"]
[SourceVersionDate "2003.09.04"]
[SourceQuality "1"]

1. d4 Nf6 2. c4 c5 3. d5 b5 4. cxb5 a6 5. bxa6 Bxa6 6. Nc3 g6 7. e4 Bxf1 8. Kxf1 d6 9. Nf3 Bg7 10. h3 Nbd7 11. Kg1 Qa5 12. Kh2 0-0 13. Re1 Nb6 14. Re2 Nc4 15. Nd2 Qb5 16. Nxc4 Qxc4 17. Bg5 Rfb8 18. Rc1 h6 19. Bxf6 Bxf6 20. b3 Qd4 21. f4 Qxd1 22. Nxd1 Bd4 23. Rcc2 Rb4 24. Ne3 Bxe3 25. Rxe3 Ra3 26. Rce2 Rd4 27. Kg3 Rd1 28. Rc3 Kf8 29. Kf3 f5 30. exf5 gxf5 31. Rce3 Ra7 32. Re6 Rxd5 33. Rxh6 Rd3+ 34. Kf2 Rd4 35. Kg3 Re4 36. Rf2 Kg7 37. Rh5 Kg6 38. Rg5+ Kf6 39. Rg8 c4 40. bxc4 Rxc4 41. Rf8+ Kg6 42. Rf3 Rca4 43. Kh4 Ra3 44. Rb3 Rxb3 45. axb3 Rb7 46. Rg8+ Kf6 47. Rg3 e5 48. Rd3 exf4 49. Rxd6+ Ke5 50. Rg6 1/2-1/2

[Event "Chigorin Memorial-B 10th"]
[Site "St Petersburg"]
[Date "2002.11.03"]
[Round "9"]
[White "Lependin, Anatolij"]
[Black "Matlakov, Maxim"]
[Result "1-0"]
[WhiteElo "2369"]
[BlackElo "2312"]
[PlyCount "87"]
[EventDate "2002.10.25"]
[EventType "swiss"]
[EventRounds "9"]
[EventCountry "RUS"]
[SourceTitle "EXT 2003"]
[Source "ChessBase"]
[SourceDate "2002.11.25"]
[SourceVersion "1"]
[SourceVersionDate "2002.11.25"]
[SourceQuality "1"]

1. Nf3 d5 2. g3 Bg4 3. Bg2 c6 4. 0-0 e6 5. c4 Nf6 6. cxd5 Bxf3 7. Bxf3 cxd5 8. a3 Be7 9. b4 0-0 10. Bb2 Nbd7 11. d3 Bd6 12. Nc3 Rc8 13. e4 dxe4 14. Nxe4 Nxe4 15. Bxe4 b6 16. Rc1 Be7 17. Qb3 Bf6 18. Rxc8 Qxc8 19. Rc1 Qb8 20. Bxf6 Nxf6 21. Qc3 Rd8 22. Qc7 g6 23. Qxb8 Rxb8 24. Rc7 a5 25. bxa5 bxa5 26. Rc5 Nxe4 27. dxe4 Ra8 28. a4 Ra7 29. g4 f6 30. Kg2 Kf7 31. h4 Ke7 32. Rb5 h6 33. Kf3 e5 34. g5 hxg5 35. hxg5 Kf7 36. Kg3 Ke7 37. f3 Kf7 38. Kg4 Kg7 39. Rb6 Rf7 40. gxf6+ Rxf6 41. Rb5 Re6 42. Rxa5 Kf6 43. Rb5 Rc6 44. Rb1 1-0

[Event "Chigorin Memorial-B 10th"]
[Site "St Petersburg"]
[Date "2002.11.02"]
[Round "8"]
[White "Belukhin, Ivan"]
[Black "Lependin, Anatolij"]
[Result "0-1"]
[WhiteElo "2270"]
[BlackElo "2369"]
[PlyCount "96"]
[EventDate "2002.10.25"]
[EventType "swiss"]
[EventRounds "9"]
[EventCountry "RUS"]
[SourceTitle "EXT 2003"]
[Source "ChessBase"]
[SourceDate "2002.11.25"]
[SourceVersion "1"]
[SourceVersionDate "2002.11.25"]
[SourceQuality "1"]

1. d4 Nf6 2. c4 c5 3. d5 b5 4. cxb5 a6 5. bxa6 Bxa6 6. Nc3 g6 7. Nf3 d6 8. g3 Bg7 9. Bh3 Nbd7 10. 0-0 Nb6 11. Re1 0-0 12. e4 Nfd7 13. Qc2 Nc4 14. Rd1 Ra7 15. Rb1 Qa5 16. Na4 Nde5 17. Ne1 Bc8 18. Bxc8 Qxa4 19. Qxa4 Rxa4 20. Bh3 Nb6 21. a3 Rxe4 22. Bg2 Ra4 23. Nc2 Rb8 24. b3 Ra7 25. f4 Ned7 26. Be3 Rab7 27. Rd2 Na4 28. b4 Bc3 29. Rd3 c4 30. Rdd1 Bf6 31. Rf1 Nc3 32. Rbe1 Nb6 33. Bd4 Bxd4+ 34. Nxd4 Ra8 35. Nc6 Rxa3 36. Nxe7+ Kf8 37. Nc6 Ncxd5 38. f5 Ne3 39. Rf3 Nxg2 40. Kxg2 Rxf3 41. Kxf3 gxf5 42. Kf4 Nd5+ 43. Kxf5 Rb6 44. Na5 Rxb4 45. Ke4 Ne7 46. Kd4 Rb2 47. Nxc4 Rxh2 48. Nxd6 Rd2+ 0-1

[Event "Chigorin Memorial-B 10th"]
[Site "St Petersburg"]
[Date "2002.11.01"]
[Round "7"]
[White "Lependin, Anatolij"]
[Black "Nefediev, Alexander"]
[Result "1/2-1/2"]
[WhiteElo "2369"]
[BlackElo "2261"]
[PlyCount "115"]
[EventDate "2002.10.25"]
[EventType "swiss"]
[EventRounds "9"]
[EventCountry "RUS"]
[SourceTitle "EXT 2003"]
[Source "ChessBase"]
[SourceDate "2002.11.25"]
[SourceVersion "1"]
[SourceVersionDate "2002.11.25"]
[SourceQuality "1"]

1. Nf3 d5 2. c4 c6 3. d4 Nf6 4. Nc3 a6 5. a4 Bf5 6. Qb3 Ra7 7. Bf4 e6 8. e3 Nbd7 9. cxd5 exd5 10. Be2 Be7 11. h3 0-0 12. 0-0 Ne4 13. Nxe4 Bxe4 14. Nd2 Bg6 15. Bd3 Nf6 16. Bxg6 hxg6 17. Be5 a5 18. Rac1 Bb4 19. Bxf6 gxf6 20. Rfd1 Qe7 21. Qc2 Raa8 22. Nb3 Kg7 23. Nc5 Rae8 24. Qe2 Rh8 25. Qf3 Rh5 26. Rc2 Rf5 27. Qe2 Rh5 28. Rb1 Reh8 29. Rf1 Rh4 30. f4 Re8 31. Rf3 Rhh8 32. Rg3 Qc7 33. Qg4 Bxc5 34. Rxc5 Kf8 35. Qd1 f5 36. Qc2 Rc8 37. Rf3 Kg7 38. Qd2 b6 39. Rc3 Qd7 40. Rf1 Rhe8 41. Rfc1 Re6 42. Qc2 Qe7 43. Qb3 Qa7 44. Kf2 Qb8 45. Qa3 Rce8 46. g3 Qd8 47. b4 axb4 48. Qxb4 Re4 49. Rb1 c5 50. Qxb6 Qxb6 51. Rxb6 cxd4 52. exd4 Rxd4 53. Rb7 Rxa4 54. Rcc7 Rf8 55. Rd7 d4 56. g4 Ra2+ 57. Kf3 fxg4+ 58. hxg4 1/2-1/2

[Event "Chigorin Memorial-B 10th"]
[Site "St Petersburg"]
[Date "2002.10.28"]
[Round "4"]
[White "Molchanova, Tatjana"]
[Black "Lependin, Anatolij"]
[Result "1/2-1/2"]
[WhiteElo "2293"]
[BlackElo "2369"]
[PlyCount "130"]
[EventDate "2002.10.25"]
[EventType "swiss"]
[EventRounds "9"]
[EventCountry "RUS"]
[SourceTitle "EXT 2003"]
[Source "ChessBase"]
[SourceDate "2002.11.25"]
[SourceVersion "1"]
[SourceVersionDate "2002.11.25"]
[SourceQuality "1"]

1. e4 e6 2. d3 c5 3. g3 Nc6 4. Nf3 g6 5. Bg2 Bg7 6. 0-0 Nge7 7. Re1 d6 8. c3 0-0 9. d4 cxd4 10. cxd4 Qb6 11. e5 Nf5 12. Na3 Ncxd4 13. Nc4 Qc5 14. Nxd6 Nxf3+ 15. Bxf3 Bxe5 16. Nxf5 gxf5 17. Bh6 Bg7 18. Bxg7 Kxg7 19. Rc1 Qe7 20. Qd4+ Qf6 21. Re5 Rd8 22. Qc3 Bd7 23. Bxb7 Rab8 24. Bf3 Rdc8 25. Rc5 Qxc3 26. R5xc3 Rxc3 27. bxc3 Kf6 28. c4 Rc8 29. Kf1 Bb5 30. Be2 Bc6 31. Ke1 Rd8 32. Rb1 f4 33. gxf4 Kf5 34. Rb3 Kxf4 35. Rh3 Be4 36. Ra3 Rd7 37. Rb3 f5 38. Rb4 Ke5 39. Rb5+ Kd4 40. Kd2 Rb7 41. Rb3 Rg7 42. f3 Bc6 43. Rd3+ Kc5 44. Ke3 Rg2 45. Ra3 f4+ 46. Kd3 Rxh2 47. Rxa7 e5 48. Ra5+ Kd6 49. c5+ Kc7 50. Bd1 Rh3 51. Kc4 Bxf3 52. Bxf3 Rxf3 53. Kd5 Re3 54. Ra7+ Kb8 55. Rxh7 f3 56. Rf7 e4 57. a3 Ka8 58. Kd4 Re2 59. Kd5 f2 60. Kc6 Rc2 61. Rf8+ Ka7 62. Rf7+ Ka6 63. Rf8 Rxc5+ 64. Kxc5 e3 65. Kc6 Ka7 1/2-1/2

[Event "RUS-ch54 sf Sibiria"]
[Site "Novosibirsk"]
[Date "2001.04.19"]
[Round "2"]
[White "Lependin, Anatolij"]
[Black "Frolov, Denis"]
[Result "1/2-1/2"]
[WhiteElo "2339"]
[BlackElo "2442"]
[PlyCount "21"]
[EventDate "2001.04.19"]
[EventType "swiss"]
[EventRounds "9"]
[EventCountry "RUS"]
[SourceTitle "CBM 082 Extra"]
[Source "ChessBase"]
[SourceDate "2001.07.03"]
[SourceVersion "1"]
[SourceVersionDate "2001.07.03"]
[SourceQuality "1"]

1. d4 d5 2. c4 c6 3. cxd5 cxd5 4. Nc3 Nf6 5. Bf4 Nc6 6. e3 Bf5 7. Bd3 Bxd3 8. Qxd3 e6 9. Nf3 Be7 10. h3 0-0 11. 0-0 1/2-1/2

[Event "RUS-chT (club)"]
[Site "Novokuznetsk"]
[Date "1999.??.??"]
[Round "?"]
[White "Frolov, Denis"]
[Black "Lependin, Anatolij"]
[Result "1-0"]
[WhiteElo "2399"]
[BlackElo "2407"]
[PlyCount "61"]
[EventDate "1999.??.??"]
[EventType "team"]
[EventRounds "11"]
[EventCountry "RUS"]
[SourceTitle "EXT 2001"]
[Source "ChessBase"]
[SourceDate "2000.11.22"]
[SourceVersion "1"]
[SourceVersionDate "2000.11.22"]
[SourceQuality "1"]

1. e4 c5 2. Nf3 e6 3. d4 cxd4 4. Nxd4 Nf6 5. Nc3 Nc6 6. Be3 Bb4 7. Bd3 d5 8. exd5 Nxd5 9. Nxc6 bxc6 10. Bd2 Nxc3 11. bxc3 Be7 12. Qf3 Qc7 13. 0-0 0-0 14. Bf4 Bd6 15. Bxh7+ Kxh7 16. Qd3+ Kg8 17. Bxd6 Qa5 18. Bxf8 Ba6 19. Bb4 Qa4 20. Qd6 Bxf1 21. Rxf1 a5 22. Ba3 Qxc2 23. Qxc6 Rd8 24. Qb5 Rd1 25. Rxd1 Qxd1+ 26. Qf1 Qc2 27. Qc1 Qxa2 28. c4 e5 29. c5 e4 30. c6 e3 31. fxe3 1-0

[Event "RUS-chT (club)"]
[Site "Novokuznetsk"]
[Date "1999.??.??"]
[Round "?"]
[White "Lependin, Anatolij"]
[Black "Akselrod, Vladislav"]
[Result "0-1"]
[WhiteElo "2407"]
[BlackElo "2405"]
[PlyCount "98"]
[EventDate "1999.??.??"]
[EventType "team"]
[EventRounds "11"]
[EventCountry "RUS"]
[SourceTitle "EXT 2001"]
[Source "ChessBase"]
[SourceDate "2000.11.22"]
[SourceVersion "1"]
[SourceVersionDate "2000.11.22"]
[SourceQuality "1"]

1. Nf3 d5 2. g3 Nc6 3. d4 Nf6 4. Bg2 g6 5. c4 Bg7 6. Ne5 0-0 7. Nc3 dxc4 8. Nxc6 bxc6 9. Bxc6 Rb8 10. 0-0 Bh3 11. Re1 Ng4 12. e3 e5 13. d5 f5 14. f3 Nf6 15. Qe2 e4 16. f4 h5 17. Qxc4 Kh7 18. Nb5 Qe7 19. b3 Rxb5 20. Qxb5 Nxd5 21. Bxd5 Bxa1 22. Bd2 Qg7 23. Rc1 Kh6 24. Rc2 Bd4 25. Kf2 Rd8 26. Bxe4 a6 27. Qxa6 fxe4 28. exd4 Bf5 29. Be3 Rxd4 30. Rxc7 Qxc7 31. Bxd4 Qc1 32. Be3 Qh1 33. Qe2 Qxh2+ 34. Ke1 Qxg3+ 35. Kd2 h4 36. Bf2 Qh2 37. Ke3 Qg2 38. Qb2 Qf3+ 39. Kd4 h3 40. Kc5 Kh7 41. Bg1 Qxf4 42. Bh2 Qe3+ 43. Qd4 Qc1+ 44. Qc4 Qxc4+ 45. Kxc4 e3 46. Kc3 Kh6 47. b4 Kh5 48. b5 Kg4 49. b6 Bc8 0-1

[Event "Moscow Alekhine op"]
[Site "Moscow"]
[Date "1996.??.??"]
[Round "8"]
[White "Lependin, Anatolij"]
[Black "Cherniaev, Alexander"]
[Result "1-0"]
[WhiteElo "2320"]
[BlackElo "2430"]
[PlyCount "89"]
[EventDate "1996.??.??"]
[EventType "swiss"]
[EventRounds "9"]
[EventCountry "RUS"]
[SourceTitle "EXT 1999"]
[Source "ChessBase"]
[SourceDate "1998.11.16"]
[SourceVersion "1"]
[SourceVersionDate "1998.11.16"]
[SourceQuality "1"]

1. Nf3 Nf6 2. c4 g6 3. d4 Bg7 4. Nc3 0-0 5. Bg5 d6 6. e3 h6 7. Bh4 Nbd7 8. Qc2 c6 9. Be2 a6 10. 0-0 b5 11. b4 Nb6 12. Nd2 d5 13. cxd5 cxd5 14. a4 Bf5 15. Bd3 Qd7 16. Bxf5 gxf5 17. Nb3 e6 18. Nc5 Qc6 19. Bxf6 Bxf6 20. f4 Kh7 21. Qe2 Nc4 22. Ra2 bxa4 23. Rxa4 a5 24. b5 Qc7 25. Rxc4 dxc4 26. Qxc4 Rg8 27. N3a4 Rg7 28. Rb1 Rag8 29. Rb2 Be7 30. Qf1 Bd6 31. Qf3 Qe7 32. Kh1 Qh4 33. Qf1 Rg4 34. b6 R4g5 35. b7 Rh5 36. h3 Rg3 37. Re2 Qe7 38. Nb6 Bc7 39. Nbd7 a4 40. b8Q Bxb8 41. Nxb8 a3 42. Kh2 Qh4 43. Nbd7 Kg7 44. Ne5 a2 45. Nb3 1-0